| 000 | 00533nam a2200121Ia 4500 | ||
|---|---|---|---|
| 008 | 220615s9999||||xx |||||||||||||| ||und|| | ||
| 100 | _aFourie, Carina | ||
| 245 | 0 |
_aChapter 8 How Being Better Off Is Bad for You _bImplications for Distribution, Relational Equality, and an Egalitarian Ethos |
|
| 546 | _aEnglish[eng] | ||
| 650 | _aphilosophy, autonomy, feminist philosophy, political philosophy, ethics, equity, social philosophy | ||
| 856 | _uhttps://library.oapen.org/bitstream/20.500.12657/50844/1/9780367823344.pdf | ||
| 942 | _cEB | ||
| 999 |
_c12639 _d12639 |
||